000 00510nam a2200181Ia 4500
008 100920s9999 xx 000 0 und d
082 _b93834
_a891.463.1 न 01
100 _aसरकुंडे माधव.
245 _aतांडस.
260 _bसाकेत,औरंगाबाद.
_c2001
300 _a96
_bसाधी
365 _b70
520 _aलघुकथा.
630 _aतांडस.
650 _aलघुकथा.
730 _aतांडस.
942 _cBOOK
999 _c734277
_d734274